000
00261nam a22001217a 4500
041
_a
ENG
100
_a
Slanley J
245
_a
Post Hanest Physiology & Panishable paanl Prodacts
260
_a
Pune
_b
CBS
_c
1999
300
_a
532
650
_a
APE
856
_u
APE
999
_c
500
_d
500